000 00334nam a22001457a 4500
003 MACL
005 20151222171008.0
008 151222b xxu||||| |||| 00| 0 eng d
040 _cMACL
041 _aEnglish
082 _a741.642
245 _aChildren's Atlas of World History
650 _aChildren book
_922264
942 _2ddc
_cBK
999 _c51590
_d51590